Hluboká nad Vltavou = Schloss Frauenberg /

Hlavní autor: Havlová, Mája, 1951-
Další autoři: Šebek, Petr, Staněk, Jaroslav, 1961-, Blahutková, Daniela, 1973-
Jazyk: Němčina
Vydáno: Vimperk : Colibri, 2018
Vydání: Zweite Ausgabe
Témata:
Fyzický popis: 48 stran : barevné ilustrace, portréty ; 24 cm
Language note: Německý text
Knihy
Uloženo v:
LEADER 02303nam a2200613 i 4500
001 nkc20183047971
003 CZ PrNK
005 20181127080722.0
007 ta
008 181026s2018 xr ac e f 000 0 ger
015 |a cnb003047971 
020 |a 978-80-87268-16-2  |q (v knize neuvedeno ;  |q brožováno)  |z 978-80-904068-2-7 
035 |a (OCoLC)1078648602 
040 |a BOA001  |b cze  |d ABA001  |e rda 
041 1 |a ger  |h cze 
043 |a e-xr---  |b e-xr-jc  |2 czenas 
072 7 |a 72  |x Architektura  |2 Konspekt  |9 21 
080 |a 728.82  |2 MRF 
080 |a (437.319)  |2 MRF 
080 |a (036)  |2 MRF 
080 |a (084.11)  |2 MRF 
100 1 |a Havlová, Mája,  |d 1951-  |7 xx0006487  |4 aut 
240 1 0 |a Zámek Hluboká nad Vltavou.  |l Německy 
245 1 0 |a Hluboká nad Vltavou =  |b Schloss Frauenberg /  |c Mája Havlová - Text ; Petr Šebek - Fotos ; Jaroslav Staněk - Illustration ; Übersetzung: Daniela Blahutková 
246 3 |a Schloss Hluboká nad Vltavou 
246 3 1 |a Schloss Frauenberg 
250 |a Zweite Ausgabe 
264 1 |a Vimperk :  |b Colibri,  |c 2018 
300 |a 48 stran :  |b barevné ilustrace, portréty ;  |c 24 cm 
336 |a text  |b txt  |2 rdacontent 
336 |a statický obraz  |b sti  |2 rdacontent 
337 |a bez média  |b n  |2 rdamedia 
338 |a svazek  |b nc  |2 rdacarrier 
500 |a "Illustrierter Begleiter durch Geschichte und Sehenswürdigkeiten des Schlosses" 
500 |a Přeloženo z češtiny 
500 |a Chronologický přehled 
546 |a Německý text 
610 2 7 |a Hluboká (zámek)  |7 ko2002101779  |2 czenas 
650 0 7 |a zámky  |7 ph127734  |z Česko  |2 czenas 
650 0 9 |a chateaux  |z Czechia  |2 eczenas 
651 7 |a Hluboká nad Vltavou (Česko)  |7 ge129262  |2 czenas 
651 9 |a Hluboká nad Vltavou (Czechia)  |2 eczenas 
655 7 |a průvodce  |7 fd133154  |2 czenas 
655 7 |a obrazové publikace  |7 fd132947  |2 czenas 
655 9 |a guidebooks  |2 eczenas 
655 9 |a pictorial works  |2 eczenas 
700 1 |a Šebek, Petr  |7 jx20060205114  |4 pht 
700 1 |a Staněk, Jaroslav,  |d 1961-  |7 jx20031130128  |4 ill 
700 1 |a Blahutková, Daniela,  |d 1973-  |7 xx0033776  |4 trl 
910 2 |a BOA001  |b 2-1416.534 
990 |a BK 
995 |a 01 
991 |b 201811  |c NOV 
996 6 |b 2610759509  |c 2-1416.534  |l MZK  |r Sklad / do 1 hodiny  |n 0  |p p.v.  |w 001693071  |u 000010  |a 1  |e BOA001  |j MZK50  |s P